[Event "January Lviv Tradition"]
[Site "Lviv"]
[Date "2017.01.24"]
[Round "3.3"]
[White "Bykovskiy, Oleg"]
[Black "Lagashin, Pavel"]
[Result "1-0"]
[BlackElo "2207"]
[WhiteElo "2327"]
[LiveChessVersion "1.4.8"]

1. e4 {[%clk 1:30:58]} c5 {[%clk 1:29:20]} 2. Nf3 {[%clk 1:31:22]} Nc6
{[%clk 1:29:44]} 3. b3 {[%clk 1:30:09]} e5 {[%clk 1:29:12]} 4. Bb2
{[%clk 1:30:05]} d6 {[%clk 1:29:05]} 5. Bc4 {[%clk 1:30:25]} g6 {[%clk 1:25:35]}
6. h3 {[%clk 1:28:57]} Bg7 {[%clk 1:25:55]} 7. Nc3 {[%clk 1:28:56]} Nge7
{[%clk 1:25:35]} 8. O-O {[%clk 1:21:54]} O-O {[%clk 1:25:13]} 9. Nd5
{[%clk 1:20:28]} Kh8 {[%clk 1:22:55]} 10. Nxe7 {[%clk 1:15:56]} Qxe7
{[%clk 1:23:07]} 11. Ne1 {[%clk 1:14:27]} f5 {[%clk 1:22:19]} 12. d3
{[%clk 1:13:29]} f4 {[%clk 1:20:24]} 13. Nf3 {[%clk 1:10:57]} h5 {[%clk 1:16:32]}
14. c3 {[%clk 1:08:37]} Bf6 {[%clk 1:13:58]} 15. Re1 {[%clk 1:01:24]} Qg7
{[%clk 1:13:16]} 16. Kf1 {[%clk 0:55:54]} g5 {[%clk 1:08:30]} 17. Ke2
{[%clk 0:54:22]} Qg6 {[%clk 1:08:30]} 18. Kd2 {[%clk 0:53:46]} Bd7
{[%clk 1:05:52]} 19. Kc2 {[%clk 0:51:38]} b5 {[%clk 1:03:20]} 20. Bxb5
{[%clk 0:48:53]} Nb4+ {[%clk 1:03:29]} 21. cxb4 {[%clk 0:49:22]} Bxb5
{[%clk 1:03:51]} 22. bxc5 {[%clk 0:49:16]} Rac8 {[%clk 1:02:36]} 23. Rc1
{[%clk 0:47:52]} Rxc5+ {[%clk 1:02:34]} 24. Kb1 {[%clk 0:48:16]} Rxc1+
{[%clk 1:02:36]} 25. Bxc1 {[%clk 0:48:42]} d5 {[%clk 1:01:30]} 26. Bb2
{[%clk 0:47:58]} dxe4 {[%clk 0:58:42]} 27. Nxe5 {[%clk 0:47:54]} Qg7
{[%clk 0:58:47]} 28. Qxh5+ {[%clk 0:44:14]} Kg8 {[%clk 0:59:13]} 29. d4
{[%clk 0:44:15]} Bxe5 {[%clk 0:47:38]} 30. dxe5 {[%clk 0:43:39]} Be8
{[%clk 0:45:23]} 31. Qg4 {[%clk 0:41:10]} Bg6 {[%clk 0:44:10]} 32. Qxg5
{[%clk 0:35:48]} e3+ {[%clk 0:44:35]} 33. Ka1 {[%clk 0:36:17]} exf2
{[%clk 0:44:55]} 34. Rf1 {[%clk 0:36:46]} Rf5 {[%clk 0:42:43]} 35. Qd8+
{[%clk 0:36:55]} Kh7 {[%clk 0:43:07]} 36. e6 {[%clk 0:35:45]} Re5
{[%clk 0:43:30]} 37. Qh4+ {[%clk 0:36:00]} Kg8 {[%clk 0:43:43]} 38. Qxf2
{[%clk 0:36:01]} Qc7 {[%clk 0:43:10]} 39. Rc1 {[%clk 0:35:06]} Qd6
{[%clk 0:42:50]} 40. Rc8+ {[%clk 0:35:18]} Kh7 {[%clk 0:42:20]} 41. Qxa7+
{[%clk 0:29:38]} Kh6 {[%clk 0:42:40]} 42. Rc1 {[%clk 0:29:50]} Qxe6
{[%clk 0:42:07]} 43. Qd4 {[%clk 0:28:48]} Re4 {[%clk 0:42:32]} 44. Qh8+
{[%clk 0:29:07]} Kg5 {[%clk 0:42:40]} 45. Rc5+ {[%clk 0:25:29]} Bf5
{[%clk 0:43:05]} 46. h4+ {[%clk 0:25:13]} Kg4 {[%clk 0:43:25]} 47. Qg7+
{[%clk 0:25:37]} Qg6 {[%clk 0:42:56]} 48. Qxg6+ {[%clk 0:25:57]} Bxg6
{[%clk 0:43:22]} 49. Rg5+ {[%clk 0:26:26]} Kxh4 {[%clk 0:43:43]} 50. Rxg6
{[%clk 0:24:38]} Re1+ {[%clk 0:44:05]} 51. Bc1 {[%clk 0:25:07]} Rxc1+
{[%clk 0:44:29]} 52. Kb2 {[%clk 0:25:36]} Rc8 {[%clk 0:38:49]} 53. a4
{[%clk 0:25:11]} Kh5 {[%clk 0:39:07]} 54. Rg7 {[%clk 0:25:29]} Rf8
{[%clk 0:36:41]} 55. a5 {[%clk 0:25:20]} Kh6 {[%clk 0:36:47]} 56. Re7
{[%clk 0:25:45]} Rg8 {[%clk 0:36:55]} 57. Re2 {[%clk 0:26:12]} Kg5
{[%clk 0:35:45]} 58. Ka3 {[%clk 0:26:29]} Kg4 {[%clk 0:35:47]} 59. b4
{[%clk 0:26:16]} Kg3 {[%clk 0:36:06]} 60. a6 {[%clk 0:26:04]} Kh2
{[%clk 0:35:14]} 61. b5 {[%clk 0:25:39]} 1-0

[Event "January Lviv Tradition"]
[Site "Lviv"]
[Date "2017.01.24"]
[Round "3.4"]
[White "Shpanko, Nadiia"]
[Black "Bunyatov, Rustam"]
[Result "1/2-1/2"]
[BlackElo "2254"]
[WhiteElo "2018"]
[LiveChessVersion "1.4.8"]

1. e4 {[%clk 1:30:54]} c5 {[%clk 1:30:58]} 2. Nf3 {[%clk 1:31:19]} d6
{[%clk 1:31:19]} 3. d4 {[%clk 1:31:43]} cxd4 {[%clk 1:31:46]} 4. Nxd4
{[%clk 1:32:10]} Nf6 {[%clk 1:32:11]} 5. Nc3 {[%clk 1:32:35]} a6 {[%clk 1:32:38]}
6. h3 {[%clk 1:33:00]} g6 {[%clk 1:32:07]} 7. g4 {[%clk 1:33:22]} Bg7
{[%clk 1:32:31]} 8. Bg2 {[%clk 1:32:59]} O-O {[%clk 1:32:49]} 9. O-O
{[%clk 1:32:36]} Nfd7 {[%clk 1:32:00]} 10. Kh1 {[%clk 1:25:22]} Nc6
{[%clk 1:31:31]} 11. Be3 {[%clk 1:16:19]} Nde5 {[%clk 1:29:18]} 12. b3
{[%clk 1:11:59]} Bd7 {[%clk 1:21:58]} 13. f4 {[%clk 1:03:27]} Nxd4
{[%clk 1:22:23]} 14. Bxd4 {[%clk 1:03:52]} Nc6 {[%clk 1:22:49]} 15. Bxg7
{[%clk 1:04:11]} Kxg7 {[%clk 1:23:07]} 16. f5 {[%clk 1:04:19]} f6
{[%clk 1:18:48]} 17. Ne2 {[%clk 0:54:18]} g5 {[%clk 1:17:27]} 18. Nd4
{[%clk 0:54:17]} Rc8 {[%clk 1:17:32]} 19. Nxc6 {[%clk 0:54:14]} Bxc6
{[%clk 1:17:38]} 20. Rf2 {[%clk 0:51:08]} Qa5 {[%clk 1:16:48]} 21. Qd4
{[%clk 0:49:24]} Be8 {[%clk 1:15:30]} 22. Bf3 {[%clk 0:44:49]} Qc3
{[%clk 1:14:59]} 23. Rd1 {[%clk 0:42:05]} Qxd4 {[%clk 1:13:55]} 24. Rxd4
{[%clk 0:42:34]} b5 {[%clk 1:14:14]} 25. Kg2 {[%clk 0:42:06]} Rc5
{[%clk 1:14:06]} 26. Rd5 {[%clk 0:41:42]} Rc7 {[%clk 1:13:46]} 27. Rd3
{[%clk 0:40:12]} Bf7 {[%clk 1:14:29]} 28. Bd1 {[%clk 0:33:32]} Rfc8
{[%clk 1:14:35]} 29. h4 {[%clk 0:33:47]} h6 {[%clk 1:14:43]} 30. a3
{[%clk 0:28:26]} Be8 {[%clk 1:13:34]} 31. Rff3 {[%clk 0:28:08]} Bc6
{[%clk 1:12:34]} 32. Rfe3 {[%clk 0:28:29]} Bb7 {[%clk 1:11:23]} 33. h5
{[%clk 0:28:34]} Kf7 {[%clk 1:11:11]} 34. Kf2 {[%clk 0:28:54]} Ke8
{[%clk 1:11:33]} 35. Ke1 {[%clk 0:29:09]} Rc5 {[%clk 1:09:20]} 36. Kd2
{[%clk 0:28:33]} Kd7 {[%clk 1:09:13]} 37. b4 {[%clk 0:27:44]} Rc4
{[%clk 1:09:13]} 38. c3 {[%clk 0:19:42]} Bxe4 {[%clk 1:05:48]} 39. Rd4
{[%clk 0:20:05]} Rxd4+ {[%clk 1:06:01]} 40. cxd4 {[%clk 0:20:30]} Bd5
{[%clk 1:06:25]} 41. Rc3 {[%clk 0:20:19]} Rxc3 {[%clk 1:06:33]} 42. Kxc3
{[%clk 0:20:47]} e6 {[%clk 1:06:21]} 43. Bc2 {[%clk 0:21:11]} Ke7
{[%clk 1:06:30]} 44. fxe6 {[%clk 0:21:29]} Bxe6 {[%clk 1:06:51]} 45. Bf5
{[%clk 0:21:54]} Bd5 {[%clk 1:04:04]} 46. Kd3 {[%clk 0:20:25]} Kd8
{[%clk 1:04:12]} 47. Be4 {[%clk 0:19:04]} Be6 {[%clk 1:02:59]} 48. Bf5
{[%clk 0:19:29]} Bxf5+ {[%clk 1:03:23]} 49. gxf5 {[%clk 0:19:55]} 1/2-1/2

[Event "January Lviv Tradition"]
[Site "Lviv"]
[Date "2017.01.24"]
[Round "3.5"]
[White "Polulikh, Bogdan"]
[Black "Terletsky, Oleg"]
[Result "1/2-1/2"]
[BlackElo "2312"]
[WhiteElo "2178"]
[LiveChessVersion "1.4.8"]

1. d4 {[%clk 1:30:57]} Nf6 {[%clk 1:30:51]} 2. c4 {[%clk 1:31:22]} g6
{[%clk 1:31:17]} 3. Nc3 {[%clk 1:31:46]} Bg7 {[%clk 1:31:42]} 4. Nf3
{[%clk 1:32:11]} O-O {[%clk 1:32:04]} 5. Bg5 {[%clk 1:32:36]} c5 {[%clk 1:29:44]}
6. e3 {[%clk 1:30:37]} cxd4 {[%clk 1:30:07]} 7. exd4 {[%clk 1:31:01]} d5
{[%clk 1:30:25]} 8. cxd5 {[%clk 1:26:01]} Nxd5 {[%clk 1:30:07]} 9. Qb3
{[%clk 1:19:49]} Nb6 {[%clk 1:26:20]} 10. Be2 {[%clk 1:18:03]} h6
{[%clk 1:20:44]} 11. Bh4 {[%clk 1:09:22]} Be6 {[%clk 1:19:29]} 12. Qa3
{[%clk 1:01:26]} Nc6 {[%clk 1:17:51]} 13. O-O {[%clk 1:00:29]} f5
{[%clk 1:14:31]} 14. d5 {[%clk 0:42:21]} Nxd5 {[%clk 1:08:08]} 15. Bc4
{[%clk 0:25:45]} Bxc3 {[%clk 0:52:39]} 16. bxc3 {[%clk 0:21:05]} g5
{[%clk 0:51:40]} 17. Rad1 {[%clk 0:19:48]} Na5 {[%clk 0:50:53]} 18. Bxd5
{[%clk 0:18:15]} Bxd5 {[%clk 0:51:15]} 19. Nxg5 {[%clk 0:17:24]} hxg5
{[%clk 0:39:07]} 20. Bxg5 {[%clk 0:17:33]} b6 {[%clk 0:33:26]} 21. Bxe7
{[%clk 0:14:39]} Nc4 {[%clk 0:33:08]} 22. Bxd8 {[%clk 0:13:01]} Nxa3
{[%clk 0:33:31]} 23. Be7 {[%clk 0:13:26]} Rfe8 {[%clk 0:31:35]} 24. Bxa3
{[%clk 0:13:46]} Bxa2 {[%clk 0:32:01]} 25. Rd7 {[%clk 0:12:43]} Be6
{[%clk 0:31:44]} 26. Rd3 {[%clk 0:10:22]} Rad8 {[%clk 0:28:43]} 27. Rfd1
{[%clk 0:08:46]} Rxd3 {[%clk 0:29:04]} 28. Rxd3 {[%clk 0:09:12]} Bc4
{[%clk 0:29:25]} 29. Re3 {[%clk 0:07:28]} Rd8 {[%clk 0:29:46]} 30. h4
{[%clk 0:07:40]} a5 {[%clk 0:29:12]} 31. Kh2 {[%clk 0:07:13]} Rd2
{[%clk 0:29:11]} 32. Kg3 {[%clk 0:07:31]} f4+ {[%clk 0:29:10]} 33. Kxf4
{[%clk 0:07:55]} Rxf2+ {[%clk 0:29:36]} 34. Kg3 {[%clk 0:07:51]} Ra2
{[%clk 0:29:58]} 35. Bd6 {[%clk 0:08:14]} a4 {[%clk 0:21:07]} 36. Re7
{[%clk 0:07:29]} Rc2 {[%clk 0:19:25]} 37. h5 {[%clk 0:07:02]} Rxc3+
{[%clk 0:19:04]} 38. Kf4 {[%clk 0:06:59]} Rc2 {[%clk 0:13:49]} 39. h6
{[%clk 0:06:17]} Rf2+ {[%clk 0:14:07]} 40. Kg4 {[%clk 0:04:31]} Rf7
{[%clk 0:13:01]} 41. Re8+ {[%clk 0:04:48]} Kh7 {[%clk 0:13:14]} 42. Kg5
{[%clk 0:05:12]} Ra7 {[%clk 0:07:03]} 43. Be5 {[%clk 0:03:32]} Bg8
{[%clk 0:07:26]} 44. g4 {[%clk 0:01:43]} a3 {[%clk 0:07:27]} 45. Rb8
{[%clk 0:01:46]} a2 {[%clk 0:06:03]} 46. Ba1 {[%clk 0:02:08]} Rf7
{[%clk 0:04:13]} 47. Rxb6 {[%clk 0:01:32]} Rf1 {[%clk 0:04:14]} 48. Rb7+
{[%clk 0:01:55]} Rf7 {[%clk 0:04:10]} 49. Rb8 {[%clk 0:02:06]} Rf1
{[%clk 0:04:14]} 50. Be5 {[%clk 0:01:32]} a1=Q {[%clk 0:02:51]} 51. Rb7+
{[%clk 0:00:51]} Rf7 {[%clk 0:03:13]} 52. Rxf7+ {[%clk 0:01:14]} Bxf7
{[%clk 0:03:39]} 53. Bxa1 {[%clk 0:01:43]} Bg6 {[%clk 0:04:02]} 54. Bg7 1/2-1/2

[Event "January Lviv Tradition"]
[Site "Lviv"]
[Date "2017.01.25"]
[Round "4.2"]
[White "Bunyatov, Rustam"]
[Black "Polulikh, Bogdan"]
[Result "0-1"]
[BlackElo "2178"]
[WhiteElo "2254"]
[LiveChessVersion "1.4.8"]

1. e4 {[%clk 1:26:16]} e5 {[%clk 1:30:50]} 2. Nf3 {[%clk 1:26:35]} Nf6
{[%clk 1:31:14]} 3. Nxe5 {[%clk 1:26:54]} d6 {[%clk 1:31:38]} 4. Nf3
{[%clk 1:27:22]} Nxe4 {[%clk 1:32:01]} 5. Qe2 {[%clk 1:27:18]} Qe7
{[%clk 1:32:12]} 6. d3 {[%clk 1:27:43]} Nf6 {[%clk 1:32:07]} 7. Bg5
{[%clk 1:27:16]} Qxe2+ {[%clk 1:31:10]} 8. Bxe2 {[%clk 1:27:41]} Be7
{[%clk 1:30:29]} 9. Nbd2 {[%clk 1:27:57]} Nc6 {[%clk 1:27:49]} 10. c3
{[%clk 1:27:31]} h6 {[%clk 1:27:06]} 11. Bh4 {[%clk 1:27:28]} Bf5
{[%clk 1:27:18]} 12. O-O-O {[%clk 1:27:17]} O-O-O {[%clk 1:25:34]} 13. h3
{[%clk 1:27:26]} Rde8 {[%clk 1:22:58]} 14. Rhe1 {[%clk 1:26:37]} Bd8
{[%clk 1:09:30]} 15. d4 {[%clk 1:22:55]} g5 {[%clk 1:09:21]} 16. Bg3
{[%clk 1:22:45]} Ne4 {[%clk 1:09:06]} 17. Nxe4 {[%clk 1:17:25]} Bxe4
{[%clk 1:09:27]} 18. Bd3 {[%clk 1:17:46]} Bxd3 {[%clk 1:09:34]} 19. Rxd3
{[%clk 1:18:03]} f5 {[%clk 1:09:38]} 20. Rdd1 {[%clk 1:16:34]} f4
{[%clk 1:08:52]} 21. Bh2 {[%clk 1:17:01]} h5 {[%clk 0:56:48]} 22. Rxe8
{[%clk 1:13:35]} Rxe8 {[%clk 0:57:10]} 23. Re1 {[%clk 1:14:03]} Rg8
{[%clk 0:55:35]} 24. Nd2 {[%clk 1:06:42]} Ne7 {[%clk 0:52:51]} 25. c4
{[%clk 1:01:37]} Nf5 {[%clk 0:50:52]} 26. d5 {[%clk 1:01:50]} Bf6
{[%clk 0:50:41]} 27. f3 {[%clk 0:58:02]} Be5 {[%clk 0:48:52]} 28. Rf1
{[%clk 0:55:13]} Nh4 {[%clk 0:44:19]} 29. Rf2 {[%clk 0:55:24]} g4
{[%clk 0:43:44]} 30. fxg4 {[%clk 0:52:29]} hxg4 {[%clk 0:44:02]} 31. Bxf4
{[%clk 0:49:38]} g3 {[%clk 0:44:20]} 32. Rf1 {[%clk 0:50:04]} Bxf4
{[%clk 0:44:43]} 33. Rxf4 {[%clk 0:50:24]} Nxg2 {[%clk 0:45:07]} 34. Rf1
{[%clk 0:47:33]} Nh4 {[%clk 0:44:32]} 35. Kd1 {[%clk 0:46:54]} g2
{[%clk 0:44:31]} 36. Rg1 {[%clk 0:47:21]} Re8 {[%clk 0:44:45]} 37. Nb3
{[%clk 0:46:59]} Re3 {[%clk 0:43:34]} 38. Nd2 {[%clk 0:46:59]} Rd3
{[%clk 0:43:47]} 0-1

[Event "January Lviv Tradition"]
[Site "Lviv"]
[Date "2017.01.25"]
[Round "4.3"]
[White "Lagashin, Pavel"]
[Black "Shpanko, Nadiia"]
[Result "1-0"]
[BlackElo "2018"]
[WhiteElo "2207"]
[LiveChessVersion "1.4.8"]

1. Nf3 {[%clk 1:30:29]} Nf6 {[%clk 1:30:04]} 2. c4 {[%clk 1:30:51]} e6
{[%clk 1:30:27]} 3. Nc3 {[%clk 1:30:54]} Bb4 {[%clk 1:30:09]} 4. g4
{[%clk 1:31:19]} Bxc3 {[%clk 1:25:54]} 5. dxc3 {[%clk 1:31:06]} d5
{[%clk 1:25:45]} 6. g5 {[%clk 1:31:18]} Ne4 {[%clk 1:25:21]} 7. Qc2
{[%clk 1:30:52]} Nd7 {[%clk 1:17:02]} 8. Be3 {[%clk 1:29:12]} Nb6
{[%clk 1:14:37]} 9. b3 {[%clk 1:27:21]} Qe7 {[%clk 1:10:49]} 10. Rg1
{[%clk 1:23:10]} c6 {[%clk 1:07:11]} 11. h4 {[%clk 1:21:28]} e5 {[%clk 1:03:53]}
12. h5 {[%clk 1:21:13]} h6 {[%clk 1:01:41]} 13. gxh6 {[%clk 1:17:33]} gxh6
{[%clk 1:02:09]} 14. cxd5 {[%clk 1:14:53]} cxd5 {[%clk 0:59:54]} 15. Nd2
{[%clk 1:15:11]} Bf5 {[%clk 0:57:03]} 16. Nxe4 {[%clk 1:15:36]} Bxe4
{[%clk 0:57:30]} 17. Qd2 {[%clk 1:16:00]} Qe6 {[%clk 0:54:15]} 18. Rg3
{[%clk 1:14:39]} Bf5 {[%clk 0:43:07]} 19. Bg2 {[%clk 1:12:07]} O-O-O 20. Bxb6
{[%clk 1:09:35]} Qxb6 {[%clk 0:37:07]} 21. Bxd5 {[%clk 1:09:22]} Be4
{[%clk 0:27:41]} 22. c4 {[%clk 1:09:41]} Bxd5 {[%clk 0:27:43]} 23. cxd5
{[%clk 1:10:02]} Qd4 {[%clk 0:27:52]} 24. Rd1 {[%clk 1:07:47]} Qe4
{[%clk 0:22:09]} 25. Qc3+ {[%clk 1:05:56]} Kb8 {[%clk 0:22:32]} 26. Qf3
{[%clk 1:05:40]} Qxf3 {[%clk 0:19:44]} 27. Rxf3 {[%clk 1:04:32]} Rhg8
{[%clk 0:19:35]} 28. Rg3 {[%clk 1:01:09]} Rxg3 {[%clk 0:19:25]} 29. fxg3
{[%clk 1:01:31]} Kc7 {[%clk 0:19:48]} 30. e4 {[%clk 1:01:47]} Kd6
{[%clk 0:20:03]} 31. Rc1 {[%clk 1:00:53]} Rg8 {[%clk 0:20:20]} 32. Kf2
{[%clk 1:01:11]} Rg5 {[%clk 0:19:33]} 33. Rc8 {[%clk 1:00:12]} f5
{[%clk 0:19:48]} 34. Rd8+ {[%clk 0:59:45]} Kc7 {[%clk 0:19:58]} 35. Rh8
{[%clk 0:58:58]} Rxh5 {[%clk 0:19:25]} 36. Kf3 {[%clk 0:58:14]} fxe4+
{[%clk 0:18:32]} 37. Kxe4 {[%clk 0:58:34]} Kd6 {[%clk 0:18:50]} 38. Rd8+
{[%clk 0:53:36]} Kc5 {[%clk 0:18:52]} 39. b4+ {[%clk 0:52:24]} Kb6
{[%clk 0:19:04]} 40. Rc8 {[%clk 0:52:39]} Rh2 {[%clk 0:17:34]} 41. d6
{[%clk 0:51:05]} Rd2 {[%clk 0:18:02]} 42. Kxe5 {[%clk 0:51:23]} Re2+
{[%clk 0:18:29]} 43. Kf6 {[%clk 0:51:27]} Rf2+ {[%clk 0:18:51]} 44. Ke7
{[%clk 0:51:46]} Re2+ {[%clk 0:19:17]} 45. Kd8 {[%clk 0:51:55]} Rxa2
{[%clk 0:18:43]} 46. d7 {[%clk 0:51:52]} Re2 {[%clk 0:19:09]} 47. Rc1
{[%clk 0:51:52]} a5 {[%clk 0:18:53]} 48. bxa5+ {[%clk 0:52:12]} Kxa5
{[%clk 0:19:19]} 49. Kc8 {[%clk 0:52:14]} 1-0

[Event "January Lviv Tradition"]
[Site "Lviv"]
[Date "2017.01.25"]
[Round "4.4"]
[White "Sevostianov, Pavel"]
[Black "Bykovskiy, Oleg"]
[Result "0-1"]
[BlackElo "2327"]
[WhiteElo "2262"]
[LiveChessVersion "1.4.8"]

1. Nf3 {[%clk 1:29:49]} Nf6 {[%clk 1:30:52]} 2. c4 {[%clk 1:29:03]} c6
{[%clk 1:31:11]} 3. Nc3 {[%clk 1:24:14]} d5 {[%clk 1:31:29]} 4. e3
{[%clk 1:24:17]} e6 {[%clk 1:31:42]} 5. b3 {[%clk 1:23:13]} Nbd7 {[%clk 1:31:28]}
6. Qc2 {[%clk 1:21:34]} Be7 7. d4 {[%clk 1:17:14]} O-O {[%clk 1:30:53]} 8. Bd3
{[%clk 1:16:57]} dxc4 {[%clk 1:31:04]} 9. bxc4 {[%clk 1:16:58]} c5
{[%clk 1:31:14]} 10. d5 {[%clk 1:15:51]} exd5 {[%clk 1:30:32]} 11. cxd5
{[%clk 1:16:15]} Nb6 {[%clk 1:30:45]} 12. e4 {[%clk 1:16:40]} c4 {[%clk 1:31:10]}
13. Be2 {[%clk 1:16:37]} Bb4 {[%clk 1:31:17]} 14. Nd2 {[%clk 1:09:08]} Re8
{[%clk 1:25:41]} 15. Bb2 {[%clk 1:08:51]} Bxc3 {[%clk 1:22:50]} 16. Bxc3
{[%clk 1:08:52]} Qe7 {[%clk 1:23:03]} 17. d6 {[%clk 0:54:46]} Qxd6
{[%clk 1:14:41]} 18. O-O {[%clk 0:53:59]} Ng4 {[%clk 1:05:32]} 19. Bxg4
{[%clk 0:51:03]} Bxg4 {[%clk 1:05:33]} 20. a4 {[%clk 0:51:10]} Be2
{[%clk 1:00:18]} 21. Rfe1 {[%clk 0:51:32]} Bd3 {[%clk 1:00:46]} 22. Qb2
{[%clk 0:51:54]} Qg6 {[%clk 1:01:14]} 23. Re3 {[%clk 0:51:25]} f6
{[%clk 1:00:30]} 24. Rg3 {[%clk 0:49:56]} Qf7 {[%clk 0:58:06]} 25. Bxf6
{[%clk 0:49:40]} g6 {[%clk 0:58:35]} 26. Nf3 {[%clk 0:37:30]} Bxe4
{[%clk 0:37:22]} 27. Ng5 {[%clk 0:37:36]} Qd7 {[%clk 0:37:49]} 28. Nxh7
{[%clk 0:31:16]} Nxa4 {[%clk 0:36:17]} 29. Qa3 {[%clk 0:27:56]} Bf5
{[%clk 0:32:34]} 30. Ng5 {[%clk 0:26:29]} b5 {[%clk 0:30:15]} 31. Qf3
{[%clk 0:23:52]} Qd6 {[%clk 0:23:51]} 32. Bc3 {[%clk 0:12:00]} Nxc3
{[%clk 0:22:49]} 33. Qxc3 {[%clk 0:12:29]} Qe5 {[%clk 0:22:25]} 34. Qc1
{[%clk 0:12:49]} Rad8 {[%clk 0:17:36]} 35. h4 {[%clk 0:11:47]} Rd3
{[%clk 0:12:14]} 36. Nf3 {[%clk 0:11:04]} Qc3 {[%clk 0:11:24]} 37. Qf1
{[%clk 0:11:13]} Red8 {[%clk 0:07:48]} 38. Kh2 {[%clk 0:10:57]} a5
{[%clk 0:08:08]} 39. Re1 {[%clk 0:10:40]} Qf6 {[%clk 0:08:16]} 40. Rg5
{[%clk 0:09:43]} b4 {[%clk 0:04:42]} 41. Ne5 {[%clk 0:08:49]} R3d4
{[%clk 0:04:42]} 42. g3 {[%clk 0:07:21]} b3 {[%clk 0:04:21]} 43. Nxc4
{[%clk 0:07:19]} Bd3 {[%clk 0:04:37]} 44. Qg2 {[%clk 0:05:12]} Bxc4 0-1

[Event "January Lviv Tradition"]
[Site "Lviv"]
[Date "2017.01.25"]
[Round "4.5"]
[White "Nesteretz, Anatoliy"]
[Black "Kagramanianz, Vartan"]
[Result "1-0"]
[BlackElo "2301"]
[WhiteElo "2416"]
[LiveChessVersion "1.4.8"]

1. e4 {[%clk 1:30:53]} e6 {[%clk 1:30:50]} 2. d4 {[%clk 1:31:17]} d5
{[%clk 1:31:15]} 3. Nc3 {[%clk 1:31:44]} Bb4 {[%clk 1:31:21]} 4. e5
{[%clk 1:32:02]} c5 {[%clk 1:31:45]} 5. a3 {[%clk 1:31:47]} Bxc3+
{[%clk 1:30:05]} 6. bxc3 {[%clk 1:31:49]} Nc6 {[%clk 1:30:13]} 7. Qg4
{[%clk 1:29:26]} g6 {[%clk 1:30:35]} 8. dxc5 {[%clk 1:12:41]} Nxe5
{[%clk 1:23:49]} 9. Qg3 {[%clk 1:03:28]} f6 {[%clk 1:20:16]} 10. h4
{[%clk 0:54:28]} Nf7 {[%clk 1:15:08]} 11. f4 {[%clk 0:43:37]} Qc7
{[%clk 1:11:52]} 12. Qf2 {[%clk 0:31:06]} h5 {[%clk 1:02:03]} 13. c4
{[%clk 0:27:06]} Nfh6 {[%clk 0:57:50]} 14. cxd5 {[%clk 0:22:49]} exd5
{[%clk 0:58:05]} 15. Bb2 {[%clk 0:15:30]} Bg4 {[%clk 0:54:46]} 16. Bd3
{[%clk 0:10:07]} Kf7 {[%clk 0:52:03]} 17. Qd4 {[%clk 0:08:01]} Rd8
{[%clk 0:47:15]} 18. Nf3 {[%clk 0:07:53]} Bxf3 {[%clk 0:33:59]} 19. gxf3
{[%clk 0:08:13]} Qc6 {[%clk 0:34:19]} 20. O-O-O {[%clk 0:04:04]} Nf5
{[%clk 0:26:40]} 21. Bxf5 {[%clk 0:02:05]} gxf5 {[%clk 0:27:03]} 22. Rhg1
{[%clk 0:02:24]} Rc8 {[%clk 0:26:44]} 23. Qxd5+ {[%clk 0:01:36]} Qxd5
{[%clk 0:26:47]} 24. Rxd5 {[%clk 0:02:02]} Rc7 {[%clk 0:25:25]} 25. Rd8
{[%clk 0:02:08]} Re7 {[%clk 0:22:25]} 26. Bd4 {[%clk 0:01:44]} a6
{[%clk 0:21:29]} 27. Kb2 {[%clk 0:01:07]} Re8 {[%clk 0:21:11]} 28. Rxe8
{[%clk 0:01:23]} Kxe8 {[%clk 0:21:40]} 29. Rg7 {[%clk 0:01:44]} Ne7
{[%clk 0:21:05]} 30. Bxf6 {[%clk 0:02:06]} Nc6 {[%clk 0:21:32]} 31. Rxb7
{[%clk 0:02:23]} Rh6 {[%clk 0:21:56]} 32. Be5 {[%clk 0:01:53]} Nxe5
{[%clk 0:21:49]} 33. fxe5 {[%clk 0:02:19]} Rc6 {[%clk 0:22:15]} 34. f4
{[%clk 0:01:37]} Rxc5 {[%clk 0:22:28]} 35. Rb3 {[%clk 0:00:55]} Ke7
{[%clk 0:21:36]} 36. Rc3 {[%clk 0:00:45]} Rb5+ {[%clk 0:21:53]} 37. Rb3
{[%clk 0:01:06]} Rc5 {[%clk 0:22:16]} 38. Rc3 {[%clk 0:01:30]} Rb5+
{[%clk 0:22:42]} 39. Kc1 {[%clk 0:01:55]} Ke6 {[%clk 0:23:08]} 40. Rd3
{[%clk 0:02:16]} Ra5 {[%clk 0:23:16]} 41. Rd6+ {[%clk 0:02:37]} Ke7
{[%clk 0:23:41]} 42. Rf6 {[%clk 0:03:00]} Rxa3 {[%clk 0:23:55]} 43. Rxf5
{[%clk 0:03:25]} Rf3 {[%clk 0:24:14]} 44. Rf6 {[%clk 0:00:58]} a5
{[%clk 0:24:33]} 45. Rf5 {[%clk 0:00:32]} a4 {[%clk 0:24:38]} 46. Kb2
{[%clk 0:00:48]} Ke6 {[%clk 0:24:11]} 47. Rf6+ {[%clk 0:01:08]} Kd5
{[%clk 0:24:37]} 48. e6 {[%clk 0:00:56]} a3+ {[%clk 0:22:50]} 49. Ka2
{[%clk 0:01:20]} Rc3 {[%clk 0:23:19]} 50. f5 {[%clk 0:01:30]} Rxc2+
{[%clk 0:21:49]} 51. Kxa3 {[%clk 0:01:55]} Kd6 {[%clk 0:22:06]} 52. Rf7
{[%clk 0:02:16]} Rc3+ {[%clk 0:22:07]} 53. Kb4 {[%clk 0:02:06]} Rh3
{[%clk 0:22:31]} 54. Rd7+ {[%clk 0:02:04]} Kc6 {[%clk 0:22:40]} 55. f6
{[%clk 0:01:12]} Rxh4+ {[%clk 0:22:54]} 56. Kc3 {[%clk 0:01:35]} Re4
{[%clk 0:23:04]} 57. f7 {[%clk 0:01:32]} Rxe6 {[%clk 0:23:23]} 58. Rd8
{[%clk 0:01:49]} Kd5 1-0

[Event "January Lviv Tradition"]
[Site "Lviv"]
[Date "2017.01.25"]
[Round "5.2"]
[White "Bykovskiy, Oleg"]
[Black "Nesteretz, Anatoliy"]
[Result "0-1"]
[BlackElo "2416"]
[WhiteElo "2327"]
[LiveChessVersion "1.4.8"]

1. e4 {[%clk 1:30:58]} c5 {[%clk 1:30:52]} 2. c3 {[%clk 1:31:24]} e6
{[%clk 1:28:53]} 3. d4 {[%clk 1:31:37]} d5 {[%clk 1:29:07]} 4. exd5
{[%clk 1:31:54]} exd5 {[%clk 1:28:52]} 5. Nf3 {[%clk 1:31:01]} Nc6
{[%clk 1:29:05]} 6. Qe2+ {[%clk 1:30:10]} Be6 {[%clk 1:15:44]} 7. Ng5
{[%clk 1:29:04]} Qf6 {[%clk 1:14:54]} 8. Nxe6 {[%clk 1:26:27]} fxe6
{[%clk 1:15:04]} 9. Qb5 {[%clk 1:25:48]} O-O-O {[%clk 1:13:38]} 10. dxc5
{[%clk 1:25:14]} d4 {[%clk 1:12:34]} 11. Be2 {[%clk 1:23:43]} a6 {[%clk 1:04:02]}
12. Qa4 {[%clk 1:19:04]} Qe5 {[%clk 1:03:18]} 13. Kf1 {[%clk 1:19:11]} Bxc5
{[%clk 1:01:36]} 14. Bxa6 {[%clk 1:11:58]} Nge7 {[%clk 1:01:54]} 15. Bd3
{[%clk 1:05:32]} Rhf8 {[%clk 0:58:21]} 16. g3 {[%clk 0:56:16]} dxc3
{[%clk 0:54:11]} 17. Bf4 {[%clk 0:54:35]} Rxf4 {[%clk 0:54:31]} 18. gxf4
{[%clk 0:55:01]} cxb2 {[%clk 0:45:06]} 19. Ba6 Ng8 20. Ke1 0-1